La universidad, el intelectual, Europa (Record no. 88313)

MARC details
000 -LEADER
campo de control de longitud fija 01030nam a2200277 i 4500
001 - NÚMERO DE CONTROL
campo de control 88313
003 - IDENTIFICADOR DE NÚMERO DE CONTROL
campo de control ES-MaACL
005 - FECHA Y HORA DE LA ÚLTIMA TRANSACCIÓN
campo de control 20250901130032.0
007 - CAMPO FIJO DE DESCRIPCIÓN FÍSICA--INFORMACIÓN GENERAL
campo de control de longitud fija t|
008 - DATOS DE LONGITUD FIJA--INFORMACIÓN GENERAL
campo de control de longitud fija 050104s1950 sp ||||1| spa d
100 1# - ENTRADA PRINCIPAL--NOMBRE DE PERSONA
Nombre de persona Laín Entralgo, Pedro,
Fechas asociadas al nombre 1908-2001
9 (RLIN) 69681
245 13 - MENCIÓN DEL TÍTULO
Título La universidad, el intelectual, Europa
Resto del título : meditaciones sobre la marcha /
Mención de responsabilidad, etc. Pedro Laín Entralgo.
260 ## - PUBLICACIÓN, DISTRIBUCIÓN, ETC.
Lugar de publicación, distribución, etc. Madrid :
Nombre del editor, distribuidor, etc. Cultura Hispánica,
Fecha de publicación, distribución, etc. [1950] (
Fabricante Yagües)
300 ## - DESCRIPCIÓN FÍSICA
Extensión 140 p. ;
Dimensiones 17 cm.
490 1# - MENCIÓN DE SERIE
Mención de serie Santo y seña ;
Designación de volumen o secuencia 8
530 ## - NOTA DISPONIBLE DE FORMULARIO FÍSICO ADICIONAL
Nota de formato físico adicional disponible Disponible en formato digital.
650 #4 - PUNTO DE ACCESO ADICIONAL DE MATERIA--TÉRMINO DE MATERIA
Término de materia o nombre geográfico como elemento de entrada Enseñanza superior.
9 (RLIN) 12317
650 #4 - PUNTO DE ACCESO ADICIONAL DE MATERIA--TÉRMINO DE MATERIA
Término de materia o nombre geográfico como elemento de entrada Universidades.
9 (RLIN) 17680
650 #7 - PUNTO DE ACCESO ADICIONAL DE MATERIA--TÉRMINO DE MATERIA
Término de materia o nombre geográfico como elemento de entrada Vida intelectual
Fuente del encabezamiento o término embne
9 (RLIN) 159621
651 #4 - PUNTO DE ACCESO ADICIONAL DE MATERIA--NOMBRE GEOGRÁFICO
Nombre geográfico Europa-
Subdivisión general Civilización-
Subdivisión cronológica S.XX.
9 (RLIN) 8592
830 1# - PUNTO DE ACCESO ADICIONAL DE SERIE-TÍTULO UNIFORME
Título uniforme Santo y seña ;
Designación de volumen o secuencia 8
9 (RLIN) 182042
852 ## - LOCALIZACIÓN
Ubicación ES-MaACL
Número de control de estantería D-7485
Ubicación en estantería Sala Valle Inclán
Nota libre Revisado enlace: 1 de septiembre de 2025
856 4# - LOCALIZACIÓN Y ACCESO ELECTRÓNICOS
Identificador Uniforme de Recursos <a href=" https://www.cervantesvirtual.com/nd/ark:/59851/bmcxh047 "> https://www.cervantesvirtual.com/nd/ark:/59851/bmcxh047 </a>
Texto de enlace Biblioteca Virtual Miguel de Cervantes
942 ## - ELEMENTOS DE ENTRADA SECUNDARIOS (KOHA)
Fuente del sistema de clasificación o colocación Clasificación decimal universal
Holdings
Estatus retirado Estado de pérdida Estado de daño No para préstamo Colección Biblioteca de origen Biblioteca actual Ubicación en estantería Fecha de adquisición Fuente de adquisición Total de préstamos Signatura topográfica completa Código de barras Visto por última vez Precio de reemplazo Tipo de ítem Koha
        Colección digital Biblioteca del Ateneo de Madrid Biblioteca del Ateneo de Madrid Sala Valle Inclán 17/01/2008     D-7485 901092252 23/02/2023 23/02/2023 Libro impreso